| 000 | 00944nam a2200349 a 4500 | ||
|---|---|---|---|
| 003 | AR-BaBNM | ||
| 005 | 20251128205607.0 | ||
| 008 | 082120s2002 ||||||||||||||000 | spa|| | ||
| 020 | _a968-23-0799-6 | ||
| 040 | _cAR-BaBNM | ||
| 245 | 0 | 0 | _aAsia Central |
| 250 | _a7ª ed. | ||
| 260 |
_aMéxico, D.F. _bSiglo Veintiuno _c1986 |
||
| 300 |
_a344 p. _bmapas |
||
| 490 | 0 |
_aHistoria Universal siglo XXI _vv. 16 |
|
| 500 | _aIndice alfabético p. 338-344 | ||
| 504 | _aBibliografía p. 325-336 | ||
| 650 | 4 | _aISLAM | |
| 650 | 4 | _aHISTORIA ASIATICA | |
| 650 | 4 | _aMONGOLES | |
| 650 | 4 | _aCULTURAS ASIATICAS | |
| 650 | 4 | _aRELIGION | |
| 651 | 4 | _aTibet | |
| 653 | _aREVOLUCION RUSA | ||
| 700 | 1 |
_aBivar, David _ecolaborador |
|
| 700 | 1 |
_aLamb, Alastair _ecolaborador |
|
| 700 | 1 |
_aPierce, Richard _ecolaborador |
|
| 700 | 1 |
_aHambly, Gavin _ecompilador |
|
| 700 | 1 |
_aCarrillo, Maribel _etraductor |
|
| 942 | _cBK | ||
| 998 | _cMariana | ||
| 999 |
_c12050 _d12050 |
||